<?xml version="1.0" encoding="UTF-8"?>
<marc:record xmlns:marc="http://www.loc.gov/MARC21/slim">
   <marc:leader>00000nam a2200000 a 4500</marc:leader>
   <marc:datafield ind1="1" ind2=" " tag="100">
      <marc:subfield code="a">Jachina, Gusel</marc:subfield>
      <marc:subfield code="4">aut</marc:subfield>
      <marc:subfield code="e">Verfasser/-in</marc:subfield>
   </marc:datafield>
   <marc:datafield ind1="0" ind2="0" tag="245">
      <marc:subfield code="a">Wo vielleicht das Leben wartet</marc:subfield>
   </marc:datafield>
   <marc:datafield ind1="0" ind2="0" tag="245">
      <marc:subfield code="b">Roman</marc:subfield>
   </marc:datafield>
   <marc:datafield ind1="0" ind2="0" tag="245">
      <marc:subfield code="c">Gusel Jachina</marc:subfield>
   </marc:datafield>
   <marc:datafield ind1=" " ind2="1" tag="264">
      <marc:subfield code="a">Berlin</marc:subfield>
      <marc:subfield code="b">Aufbau-Taschenbuch-Verl.</marc:subfield>
      <marc:subfield code="c">2025</marc:subfield>
   </marc:datafield>
   <marc:datafield ind1=" " ind2=" " tag="250">
      <marc:subfield code="a">1.</marc:subfield>
   </marc:datafield>
   <marc:datafield ind1="1" ind2=" " tag="520">
      <marc:subfield code="a">Kasan 1923: Im Wolgagebiet herrscht große Hungersnot. Dejew, ein ehemaliger Soldat, soll fünfhundert elternlose Kinder mit dem Zug nach Samarkand bringen, um sie vor dem sicheren Tod zu retten. Aber es fehlt an allem für den Transport: Proviant, Kleidung, Heizmaterial für die Lokomotive. Ein Roadmovie durch ein zerrüttetes Land beginnt. Dejew, der selbst ein dunkles Geheimnis mit sich herumträgt, scheut kein Wagnis und keine Gefahr, um die Kinder ins Land des Brotes und der Wunderbeere Weintraube zu bringen. Ein Sieg der Menschlichkeit in aussichtsloser Lage.</marc:subfield>
   </marc:datafield>
   <marc:datafield ind1=" " ind2=" " tag="020">
      <marc:subfield code="a">9783746641522</marc:subfield>
      <marc:subfield code="9">9783746641522</marc:subfield>
   </marc:datafield>
   <marc:datafield ind1=" " ind2=" " tag="020">
      <marc:subfield code="a">3746641527</marc:subfield>
      <marc:subfield code="9">3746641527</marc:subfield>
   </marc:datafield>
   <marc:datafield ind1=" " ind2=" " tag="500">
      <marc:subfield code="a">Aus dem Russ. übers.</marc:subfield>
   </marc:datafield>
   <marc:datafield ind1=" " ind2=" " tag="300">
      <marc:subfield code="a">591 S.</marc:subfield>
   </marc:datafield>
</marc:record>
